000 00374 a2200169 4500
001 51370
020 _a
040 _cAnchieta - Pituba
100 _a
240 1 0 _a1ª Português, I unidade
_lpor
245 1 0 _a1ª Português, I unidade
300 _a5
362 0 _a2009
440 1 _aColégio Anchieta
650 4 _aLínguas espanhola e portuguesa
942 _cBK
999 _c51370
_d51370